000 00967cam a2200265 i 4500
003 SA-RiAUC
005 20250411105907.0
008 250410s1995 le g d 000 0 ara c
040 _aKW-ShULA
_bara
_cSA-RiAUC
_erda
041 1 _aara
_aeng
082 0 4 _a210.3
090 _a210.3
_b خ ض ر
100 1 _aالخضراوي، ديب
_eمؤلف.
245 1 0 _aقاموس الألفاظ الإسلامية :
_bعربي-إنجليزي /
_cتأليف ديب الخضراوي.
250 _aالطبعة الأولى.
264 1 _aبيروت :
_bاليمامة للطباعة والنشر والتوزيع،
_c1995
300 _a455 صفحة ؛
_c24 سم
336 _aنص
_btxt
_2rdacontent
_3كتاب
337 _aبدون وسيط
_bn
_2rdamedia
338 _aمجلد
_bnc
_2rdacarrier
650 7 _aالإسلام
_vمعاجم
_2aucsh
650 7 _aالإسلام
_vمصطلحات
_2aucsh
942 _2ddc
_cBOOK
_n0
949 _aSA-JeALM
_d250410
_uosman123
_n1
999 _c6864
_d6864